Pokemon Diamond and Pearl Pokedex - Statistics

General Stats
  • This quiz has been taken 91 times
    88 since last reset
  • The average score is 90 of 153
Answer Stats
Hint Answer % Correct
Water Piplup
89%
Grass Turtwig
89%
Water/Steel Empoleon
83%
Normal/Flying Starly
83%
Grass/Ground Torterra
83%
Normal Bidoof
80%
Fire Chimchar
80%
Steel/Dragon Dialga
78%
Water/Dragon Palkia
78%
Water Prinplup
78%
Electric Shinx
78%
Normal/Flying Staravia
78%
Rock/Ground Geodude
76%
Electric Luxio
76%
Normal/Flying Staraptor
76%
Psychic Abra
74%
Psychic Alakazam
74%
Ghost/Poison Gastly
74%
Grass Grotle
74%
Fire/Fighting Infernape
74%
Psychic Kadabra
74%
Electric Luxray
74%
Water Magikarp
74%
Normal/Water Bibarel
72%
Ghost/Poison Gengar
72%
Poison/Flying Golbat
72%
Rock/Ground Golem
72%
Rock/Ground Graveler
72%
Fighting Machamp
72%
Fighting Machoke
72%
Fighting Machop
72%
Fire/Fighting Monferno
72%
Poison/Flying Crobat
70%
Water/Flying Gyarados
70%
Ghost/Poison Haunter
70%
Rock/Ground Onix
70%
Steel/Ground Steelix
70%
Poison/Flying Zubat
70%
Grass/Poison Budew
67%
Grass/Poison Roselia
67%
Grass/Ice Abomasnow
65%
Psychic Azelf
65%
Bug Kricketot
65%
Bug Kricketune
65%
Electric Pikachu
65%
Grass/Poison Roserade
65%
Bug/Flying Beautifly
63%
Steel/Psychic Bronzor
63%
Bug Cascoon
63%
Rock Cranidos
63%
Dragon/Ground Gible
63%
Ghost Mismagius
63%
Electric Pichu
63%
Fire Ponyta
63%
Electric Raichu
63%
Fire Rapidash
63%
Rock/Steel Shieldon
63%
Psychic Uxie
63%
Fairy Clefable
61%
Fairy Clefairy
61%
Fairy Cleffa
61%
Bug/Poison Dustox
61%
Dragon/Ground Gabite
61%
Dragon/Ground Garchomp
61%
Ghost Misdreavus
61%
Grass/Ice Snover
61%
Dark/Ice Weavile
61%
Bug Wurmple
61%
Rock/Steel Bastiodon
59%
Water Buizel
59%
Poison/Fighting Croagunk
59%
Ghost/Flying Drifblim
59%
Dark/Flying Honchkrow
59%
Fighting/Psychic Medicham
59%
Psychic Mesprit
59%
Dark/Flying Murkrow
59%
Bug Silcoon
59%
Dark/Ice Sneasel
59%
Normal Snorlax
59%
Water Floatzel
57%
Fighting/Steel Lucario
57%
Fighting/Psychic Meditite
57%
Normal Munchlax
57%
Water/Flying Pelipper
57%
Water/Poison Tentacool
57%
Water/Poison Tentacruel
57%
Poison/Fighting Toxicroak
57%
Steel/Psychic Bronzong
54%
Normal Chansey
54%
Grass Cherubi
54%
Ghost/Flying Drifloon
54%
Normal Glameow
54%
Bug/Fighting Heracross
54%
Electric Pachirisu
54%
Water Psyduck
54%
Rock Rampardos
54%
Water Shellos
54%
Bug/Grass | Bug/Ground | Bug/Steel Wormadam
54%
Water/Ground Barboach
52%
Bug Burmy
52%
Water Golduck
52%
Normal Purugly
52%
Fighting Riolu
52%
Water/Ground Whiscash
52%
Water/Flying Wingull
52%
Water/Fairy Azumarill
50%
Grass Carnivine
50%
Grass Cherrim
50%
Water/Ground Gastrodon
50%
Water Goldeen
50%
Normal Happiny
50%
Water/Fairy Marill
50%
Psychic/Fairy Mr. Mime
50%
Ghost/Dark Spiritomb
50%
Poison/Dark Stunky
50%
Psychic Chingling
48%
Bug/Flying Combee
48%
Poison/Dark Drapion
48%
Water/Flying Mantine
48%
Psychic/Fairy Mime Jr.
48%
Bug/Flying Mothim
48%
Water/Ground Quagsire
48%
Water Seaking
48%
Bug/Flying Vespiquen
48%
Water/Ground Wooper
48%
Normal Blissey
46%
Water Finneon
46%
Water Luminneon
46%
Water Manaphy
46%
Water Milotic
46%
Poison/Bug Skorupi
46%
Poison/Dark Skuntank
46%
Rock Bonsly
43%
Normal Buneary
43%
Normal/Flying Chatot
43%
Water Feebas
43%
Ground Hippopotas
43%
Normal Lopunny
43%
Water/Flying Mantyke
43%
Water Octillery
43%
Normal/Psychic Girafarig
41%
Normal/Flying Hoothoot
41%
Rock Sudowoodo
41%
Normal/Fairy Azurill
39%
Psychic Chimecho
39%
Ground Hippowdon
39%
Normal/Flying Noctowl
39%
Water Remoraid
39%
Normal Aipom
35%
Normal Ambipom
33%
Psychic Unown
30%
No matching quizzes found
Score Distribution
Percent of People with Each Score
Percentile by Number Answered
Your Score History
You have not taken this quiz since the last reset